HARPER'S BIOCHEMISTRY (Record no. 13710)

MARC details
000 -LEADER
fixed length control field 00264nam a22001217a 4500
003 - CONTROL NUMBER IDENTIFIER
control field SGT
082 ## - DEWEY DECIMAL CLASSIFICATION NUMBER
Classification number 574.192
Item number ROD
100 ## - MAIN ENTRY--PERSONAL NAME
Personal name RODWELL, VICTORW
245 ## - TITLE STATEMENT
Title HARPER'S BIOCHEMISTRY
260 ## - PUBLICATION, DISTRIBUTION, ETC. (IMPRINT)
Name of publisher, distributor, etc MC. GREW HILL NEW DELHI
Year of Publication 2015
300 ## - PAGE DESCRIPTION
No. of Pages 810
942 ## - ADDED ENTRY ELEMENTS (KOHA)
Source of classification or shelving scheme Dewey Decimal Classification
Koha item type Books
942 ## - ADDED ENTRY ELEMENTS (KOHA)
-- 5
Holdings
Withdrawn status Lost status Source of classification or shelving scheme Damaged status Not for loan Home library Current library Shelving location Date acquired Vendor Name Cost, normal purchase price SGTU Bill Number Total Checkouts Full call number Accession No. (Barcode) Date last seen Date last borrowed Bill Date Koha item type
    Dewey Decimal Classification     SGT Science & Social Sciences Library SGT Science & Social Sciences Library Text Book 09/10/2017 ABC DELHI 0.00 SGTU 8030 8 574.192 ROD AG405 10/12/2024 10/12/2024 09/10/2017 Books
    Dewey Decimal Classification     SGT Science & Social Sciences Library SGT Science & Social Sciences Library Text Book 09/10/2017 ABC DELHI 0.00 SGTU 8030 10 574.192 ROD AG406 08/12/2021 02/12/2021 09/10/2017 Books